Top 10 Brazilian Players - Statistics

General Stats
  • This quiz has been taken 26 times
  • The average score is 7 of 10
Answer Stats
Rank Role Answer % Correct
5. Forward Neymar
95%
1. Forward Pele
91%
2. Forward Ronaldo
91%
7. Forward Ronaldinho
82%
8. Defense Roberto Carlos
64%
9. Defense Cafu
59%
6. Att Midfielder Rivaldo
50%
4. Att Midfielder Zico
50%
3. Forward Garrincha
41%
10. Forward Jairzinho
27%
No matching quizzes found
Score Distribution
Percent of People with Each Score
Percentile by Number Answered
Your Score History
You have not taken this quiz